header

Concepts of simultaneity (Record no. 235543)

MARC details
000 -LEADER
fixed length control field 01302nam a22003494a 4500
082 04 - DEWEY DECIMAL CLASSIFICATION NUMBER
Classification number 530.11
100 1# - MAIN ENTRY--AUTHOR NAME
Personal name Jammer, Max.
245 10 - TITLE STATEMENT
Title Concepts of simultaneity
260 ## - PUBLICATION, DISTRIBUTION, ETC. (IMPRINT)
Place of publication Baltimore, Md. :
Name of publisher Johns Hopkins University Press,
Year of publication 2006.
300 ## - PHYSICAL DESCRIPTION
Number of Pages x, 308 p. :
Other physical details ill.
650 #0 - SUBJECT ADDED ENTRY--TOPICAL TERM
Topical Term Simultaneity (Physics)
Topical Term Physics
Topical Term Relativity (Physics)
Topical Term Space and time.
Topical Term Time
856 40 - ELECTRONIC LOCATION AND ACCESS
Uniform Resource Identifier http://site.ebrary.com/lib/rucke/Doc?id=10188475

No items available.

© 2026 Rongo University
Contact us: librarian | system librarian | Rongo university